Антивоенные фильмы - Армагеддон - Statistics

General Stats
  • This quiz has been taken 11 times
  • The average score is 3 of 14
Answers on the Grid
Answers color-coded by a green-red scale on the quiz's grid according to % correct below.
Рождённый 4-го июля
Апокалипсис сегодня
Тропы славы
До свидания, мальчики
Лучшие в аду
Офицеры
Лестница Иакова
Цельнометаллическая оболочка
Солнцепёк
Иди и смотри
Кролик Джоджо
Победа веры
Иваново детство
Письма мёртвого человека
Крым
Танки
Джонни взял ружьё
Триумф воли
Позывной "Пассажир"
Бомбардировочная эскадра "Лютцов"
Русский характер
Нога
Тонкая красная линия
Кто убил капитана Алекса?
Свидетель
Освобождение
Охотник на оленей
Солдаты неудачи
Это мы, Господи
Дети против волшебников
 
Answer Stats
Answer % Correct
Апокалипсис сегодня
75%
Цельнометаллическая оболочка
38%
Иди и смотри
38%
Тропы славы
25%
Кролик Джоджо
25%
Джонни взял ружьё
25%
Это мы, Господи
25%
Иваново детство
13%
Тонкая красная линия
13%
Охотник на оленей
13%
Рождённый 4-го июля
13%
Лестница Иакова
0%
Письма мёртвого человека
0%
Нога
0%
No matching quizzes found
Score Distribution
Percent of People with Each Score
Percentile by Number Answered
Your Score History
You have not taken this quiz